|
|
|
|
| LEADER |
00000cam a22000002c 4500 |
| 001 |
1094326941 |
| 003 |
DE-627 |
| 005 |
20220514141144.0 |
| 007 |
tu |
| 008 |
910529s1975 xx ||||| 00| ||eng c |
| 035 |
|
|
|a (DE-627)1094326941
|
| 035 |
|
|
|a (DE-576)024326941
|
| 035 |
|
|
|a (DE-599)BSZ024326941
|
| 035 |
|
|
|a (OCoLC)311634237
|
| 040 |
|
|
|a DE-627
|b ger
|c DE-627
|e rakwb
|
| 041 |
|
|
|a eng
|
| 245 |
0 |
0 |
|a Native peoples and justice
|b Reports on the National Conferencew and the Federal-Provincial Conference on Native Peoples and the Criminal Justice System, held in Edmonton Gev. 3 -5, 1975 = Les autochtones et la justice
|c Canada. Solicitor General
|
| 246 |
3 |
1 |
|a Les autochtones et la justice
|
| 246 |
3 |
3 |
|a Les autochtones et la justice
|
| 264 |
|
1 |
|a Ottawa
|b Information Canada
|c 1975
|
| 300 |
|
|
|a 60, 65 S.
|
| 336 |
|
|
|a Text
|b txt
|2 rdacontent
|
| 337 |
|
|
|a ohne Hilfsmittel zu benutzen
|b n
|2 rdamedia
|
| 338 |
|
|
|a Band
|b nc
|2 rdacarrier
|
| 583 |
1 |
|
|a Archivierung prüfen
|c 20200919
|f DE-640
|z 2
|2 pdager
|
| 710 |
2 |
|
|a Kanada
|b Solicitor General
|0 (DE-588)14213-X
|0 (DE-627)708355420
|0 (DE-576)190235640
|4 oth
|
| 951 |
|
|
|a BO
|
| ELC |
|
|
|b 1
|
| LOK |
|
|
|0 000 xxxxxcx a22 zn 4500
|
| LOK |
|
|
|0 001 2165216273
|
| LOK |
|
|
|0 003 DE-627
|
| LOK |
|
|
|0 004 1094326941
|
| LOK |
|
|
|0 005 20020606000000
|
| LOK |
|
|
|0 008 910529||||||||||||||||ger|||||||
|
| LOK |
|
|
|0 040
|a DE-21
|c DE-627
|d DE-21
|
| LOK |
|
|
|0 852
|a DE-21
|
| LOK |
|
|
|0 852 1
|c KB 6 A 252-3
|9 00
|
| LOK |
|
|
|0 935
|a krim
|
| LOK |
|
|
|0 936ln
|a k11.2.1
|
| LOK |
|
|
|0 939
|a 29-05-91
|b l01
|
| ORI |
|
|
|a SA-MARC-krimdoka001.raw
|
| SIG |
|
|
|a UB: KB 6 A 252-3
|